Analyzing discourse : (رقم التسجيلة. 75156)

تفاصيل مارك
000 -الفاتح
حقل البيانات ثابتة الطول 00961cam a2200265 a 4500
001 - رقم الضبط
رقم الضبط 12332100
003 - محدد رقم الضبط
رقم الضبط OSt
005 - وقت وتاريخ اخر تعامل مع التسجيلة
رقم الضبط 20180923144740.0
008 - عناصر البيانات ثابتة الطول - معلومات عامة
حقل البيانات ثابتة الطول 010302s2001 txu bf 001 0 eng
010 ## - رقم ضبط مكتبة الكونجرس
رقم ضبط مكتبة الكونجرس 2001088291
020 ## - الرقم الدولى المعيارى للكتب
الرقم الدولى المعيارى للكتاب 9781556711152
040 ## - مصدر الفهرسة
وكالة الفهرسة الأصلية DLC
وكالة النسخ DLC
وكالة التعديل DLC
050 00 - رقم طلب مكتبة الكونجرس
رقم التصنيف P302
رقم المادة .D65 2001
082 00 - رقم تصنيف ديوى العشرى
رقم التصنيف 401.41
رقم الطبعة 22
رقم المادة DRA
100 1# - المدخل الرئيسى - إسم شخصى
الإسم الشخصى Dooley, Robert A.
9 (RLIN) 65058
245 10 - بيان العنوان
العنوان Analyzing discourse :
بقية العنوان a manual of basic concepts /
بيان المسئوليه,etc Robert A. Dooley and Stephen H. Levinsohn.
260 ## - PUBLICATION, DISTRIBUTION, ETC. (IMPRINT)
مكان الناشر او الموزع Dallas, Tex. :
اسم الناشر او الموزع SIL International,
تاريخ النشر أو التوزيع c2001.
300 ## - الوصف المادى
التعداد viii, 165 p. ;
أبعاد الوعاء 23 cm.
504 ## - تبصرة ببليوجرافية
تبصرة ببليوجرافية,الخ Includes bibliographical references (p. 149-158) and index.
650 #0 - المدخل الاضافى بالموضوع-مصطلح موضوعى
مصطلح موضوعي أو اسم جغرافي كعنصر مدخل Discourse analysis
التقسيم الفرعي الشكلي Handbooks, manuals, etc.
9 (RLIN) 45059
700 1# - المدخل الاضافى - اسم شخصى
الإسم الشخصى Levinsohn, Stephen H.
9 (RLIN) 65059
906 ## - عنصر بيانات محلى F, LDF (RLIN)
a 7
b cbc
c orignew
d 3
e epcn
f 20
g y-gencatlg
942 ## - عناصر المدخل الإضافي( كوها)
مصدر التصنيف او مخطط الترفيف Dewey Decimal Classification
Koha [default] item type كتاب
المقتنيات
حالة الفقد نموذج السعر الفعال حالة تلف ليس للاعارة رقم الطلب تاريخ الاكتساب الموقع الحالي الباركود الفرع الرئيسي Total Renewals Date last checked out Date last seen نوع المادة فى نظام كوها مصدر التصنيف او خطة الترفيف Total Checkouts
  2018-09-21     401.41 DRA 2018-09-21 المكتبة المركزية بالمجمعة (CL) 00751355 المكتبة المركزية بالمجمعة (CL) 1 2019-03-20 2021-05-05 كتاب Dewey Decimal Classification 1
  2018-09-21     401.41 DRA 2018-09-21 المكتبة المركزية بالمجمعة (CL) 00751356 المكتبة المركزية بالمجمعة (CL)     2018-09-21 كتاب Dewey Decimal Classification  
  2018-09-21     401.41 DRA 2018-09-21 المكتبة المركزية بالمجمعة (CL) 00751357 المكتبة المركزية بالمجمعة (CL)     2018-09-21 كتاب Dewey Decimal Classification  
  2018-09-21     401.41 DRA 2018-09-21 مكتبة مجمع الطالبات بالمجمعة (EMF) 00751386 مكتبة مجمع الطالبات بالمجمعة (EMF)     2018-09-21 كتاب Dewey Decimal Classification  
  2018-09-21     401.41 DRA 2018-09-21 مكتبة مجمع الطالبات بالمجمعة (EMF) 00751387 مكتبة مجمع الطالبات بالمجمعة (EMF)     2018-09-21 كتاب Dewey Decimal Classification  
  2018-09-21     401.41 DRA 2018-09-21 مكتبة مجمع الكليات بالزلفى - طلاب (SZM) 00751388 مكتبة مجمع الكليات بالزلفى - طلاب (SZM)     2018-09-21 كتاب Dewey Decimal Classification  
  2018-09-21     401.41 DRA 2018-09-21 مكتبة مجمع الكليات بالزلفى - طلاب (SZM) 00751389 مكتبة مجمع الكليات بالزلفى - طلاب (SZM)     2018-09-21 كتاب Dewey Decimal Classification